Aby háďatká neujedali z krajca Žatva, v ktorej nepotrebovali ani kombajny ani kosy, ale - nožnice

Bibliographic Details
Main Author: Gindurská, Marta (Author)
Format: Article
Language:Slovak
PhysicalDescription:Obr. 1.
Subjects:

MARC

LEADER 00000nab a2200000 a 4500
001 vtls000155767
003 SK-MaSNL
005 20260303224301.0
008 220422c1983 xo 0 slo
015 |a SNBRB19rr/mm-uuuuu 
035 |a CL0165874 
040 |a SNKBUCL  |b slo  |c SNKBUCL  |e AACR2 
041 0 |a slo 
044 |a xo  |c SK 
080 |a 576.89:061.6  |2 1981 
080 |a 061.6  |2 1981 
100 1 |a Gindurská, Marta  |4 aut  |9 932113 
245 1 0 |a Aby háďatká neujedali z krajca  |b Žatva, v ktorej nepotrebovali ani kombajny ani kosy, ale - nožnice  |c Marta Gindurská 
300 |b Obr. 1. 
610 2 7 |a Slovenská akadémia vied.  |b Helmintologický ústav  |2 snkbucl  |9 32774 
650 0 7 |a fytohelmintológia  |2 snkbucl  |9 1259884 
655 7 |a články z novín a časopisov  |2 snkbucl  |9 267496 
773 0 |t Nedeľná Pravda  |g Roč. 16, č. 34 (1983), s. 10 
850 |a Slovenská národná knižnica v Martine  |a MTA001 
852 |a SNK  |b KIS3GCP 
958 |a RK 
958 |a ME 
992 |a RBX 
999 |c 2251521  |d 2253451